| 000 | 00460cam a22001097a 4500 | ||
|---|---|---|---|
| 008 | 180718b1966 xxu||||| |||| 00| 0 eng d | ||
| 082 | _aB14103x42 Un3r | ||
| 245 |
_aReform of the grounds of divorce the field of choice: report on a reference under section 3(1) (e) of the Law Commissions Act 1965 _cby the Law Commission, United Kingdom |
||
| 260 |
_aLondon _bHer Majesty's Stationery Office _c1966 |
||
| 300 | _a62p. | ||
| 700 | _aUnited Kingdom. The Law Commission | ||
| 999 |
_c489053 _d489053 |
||